Word Scramble - Places in Northern Ireland - Statistics

General Stats
  • This quiz has been taken 43 times
    38 since last reset
  • The average score is 10 of 16
Answer Stats
County Town/City % Correct
County Londonderry Londonderry
94%
County Fermanagh Enniskillen
80%
County Tyrone Omagh
78%
County Antrim Ballymena
77%
County Armagh/Down Newry
76%
County Antrim/Down Belfast
74%
County Antrim Larne
74%
County Londonderry Portstewart
70%
County Down Bangor
69%
County Antrim Antrim
68%
County Down Newcastle
68%
County Antrim Carrickfergus
67%
County Antrim/Down Lisburn
67%
County Antrim Ballymoney
62%
County Antrim Portrush
62%
County Tyrone Strabane
60%
County Tyrone Dungannon
58%
County Antrim Newtownabbey
58%
County Down Downpatrick
57%
County Armagh Portadown
57%
County Down Banbridge
48%
County Down Newtownards
47%
County Antrim Ballycastle
45%
County Londonderry Coleraine
42%
No matching quizzes found
Score Distribution
Percent of People with Each Score
Percentile by Number Answered
Your Score History
You have not taken this quiz since the last reset